Eko-inovácie ako cesta k udržateľnosti a konkurencieschopnosti diplomová práca

Enregistré dans:
Détails bibliographiques
Auteur principal: Struhar, Irena
Collectivité auteur: Národohospodárska fakulta EU. Katedra financií
Autres auteurs: Červeňová, Magdaléna, 1962-
Format: Livre
Langue:slovaque
Publié: Bratislava 2025
Tags: Ajouter un tag
Pas de tags, Soyez le premier à ajouter un tag!

MARC

LEADER 00000nbm a2200000 4500
001 0309413
005 20251016131504.3
041 0 |a slo 
044 |a SK 
245 1 0 |a Eko-inovácie ako cesta k udržateľnosti a konkurencieschopnosti  |b diplomová práca  |c Irena Struhar ; školiteľ: Magdaléna Červeňová 
264 1 |a Bratislava  |c 2025 
300 |a 77 s. 
100 1 |a Struhar, Irena 
700 1 |a Červeňová, Magdaléna, 1962- 
710 2 |a Národohospodárska fakulta EU. Katedra financií